Del hecho al dicho hay menos trecho.

-д хадгалсан:
Номзүйн дэлгэрэнгүй
Үндсэн зохиолч: Linares Pontón, María Eugenia (autor)
Бусад зохиолчид: Fortoul Ollivier, María Bertha, an (autor) an, (autor)
Формат: Үл мэдэгдэх
Хэл сонгох:испани
Нөхцлүүд:
Онлайн хандалт:Ver documento en línea
Шошгууд: Шошго нэмэх
Шошго байхгүй, Энэхүү баримтыг шошголох эхний хүн болох!

MARC

LEADER 00000c**#a2200000ua#4500
001 000502306
003 DLC
005 20260411000000.0
008 070831c^^^^9999^^^^r1^^^^^^^^0^^^^0spa^d
009 20260411194139.019
022 |a 01851284 
035 |a FCE 000046496 
037 |a Acervo ITESO - Biblioteca 
041 |a spa 
095 |a RLEE  |b 93-1-135. 
100 |a Linares Pontón, María Eugenia,  |e (autor) 
245 1 0 |a Del hecho al dicho hay menos trecho. 
264 |a México :  |b Centro de Estudios Educativos,  |c 1993. 
336 |a texto  |b txt  |2 rdacontenido 
337 |a sin mediación  |b n  |2 rdamedio 
338 |a volumen  |b nc  |2 rdasoporte 
649 |a XX 
650 |a Desarrollo del niño 
650 |a Zonas marginadas 
650 |a Cuidado del niño 
650 |a Reseña 
650 |a México 
650 |a Nicaragua 
650 |a Chile 
650 |a Perú 
740 |g vol. 23, no. 1, 1993, pp. 135-138.  |t Revista Latinoamericana de Estudios Educativos. Libros, 
700 |a Fortoul Ollivier, María Bertha,  |e an  |e (autor) 
856 4 0 |u https://www.cee.edu.mx/rlee/revista/r1991_2000/r_texto/t_1993_1_09.pdf  |y Ver documento en línea 
910 |a Fondo Centro de Estudios Educativos 
920 |a Impresos - Libros 
930 |a Fondos Especiales 
905 |a 133 
902 |a https://opac.biblio.iteso.mx/vufind/Record/000502306